00711nam a2200253Ia 4500008004100000020001400041050001100055050001400066100002300080245002900103245004600132245002600178260001000204260002500214260000900239300001600248300002000264650005600284650002800340650003400368650002500402700001100427999001900438170711s9999 xx 000 0 und d a792268768 a940.54 bB189 2002 aBallard, Robert D. aCollision with history : bthe search for John F. Kennedy's PT 109 / cby Robert D. Ballard. aUSA : bNational Geographic, c2002 a191 pages : billustrations ; aKennedy, John F. -- (John Fitzgerald), 1917-1963 -- aWorld War, 1939-1945 -- xCampaigns -- Solomon Islands. xMilitary leadership. aTitle. c339555d339555